|
|
|
|
| LEADER |
00000naa2a2200000 4500 |
| 001 |
160345 |
| 005 |
20231031155540.0 |
| 035 |
|
|
|a (RuTPU)RU\TPU\book\173881
|
| 090 |
|
|
|a 160345
|
| 100 |
|
|
|a 20090521d2008 k y0rusy50 ca
|
| 101 |
0 |
|
|a rus
|
| 102 |
|
|
|a RU
|
| 200 |
1 |
|
|a Системный подход к формированию инновационной системы региона
|f И. Г. Видяев
|
| 320 |
|
|
|a Библиогр.: 4 назв.
|
| 461 |
|
1 |
|0 (RuTPU)RU\TPU\book\166087
|t Энергия молодых - экономике России
|o труды IX Международной научно-практической конференции студентов и молодых ученых, г. Томск, 19-22 мая 2008 г.
|f Томский политехнический университет (ТПУ) ; Вольное экономическое общество России ; Международный союз экономистов (МСЭ)
|d 2008
|
| 463 |
|
0 |
|0 (RuTPU)RU\TPU\book\164805
|t Ч. 3
|v С. 45-47
|d 2008
|
| 610 |
1 |
|
|a инновационные системы
|
| 610 |
1 |
|
|a регионы
|
| 610 |
1 |
|
|a системный подход
|
| 610 |
1 |
|
|a труды учёных ТПУ
|
| 700 |
|
1 |
|a Видяев
|b И. Г.
|c специалист в области менеджмента
|c доцент Томского политехнического университета, кандидат экономических наук
|f 1981-
|g Игорь Геннадьевич
|2 stltpush
|3 (RuTPU)RU\TPU\pers\25421
|
| 801 |
|
1 |
|a RU
|b 63413507
|c 20090521
|g PSBO
|
| 801 |
|
2 |
|a RU
|b 63413507
|c 20161124
|g RCR
|
| 942 |
|
|
|c BK
|